Atores principais de filmes - Statistics

Estatísticas Gerais
  • Esse quiz foi jogado 468 vezes
  • A pontuação média é 8 de 15
Estatísticas das Respostas
Hint Resposta % Correto
Titanic Leonardo DiCaprio
92%
Missão impossivel Tom cruise
89%
Forrest Gump Tom Hanks
80%
Matrix Keanu Reeves
71%
Rambo Silvester Stalone
60%
Indiana Jones e o Templo perdido Harrison Ford
54%
Um princepe em Nova york Eddie Murphy
49%
O Padrinho Al Pacino
42%
Die Hard Bruce willis
41%
Exterminador implacavel Arnold Schwarzenegger
38%
Clube dos poetas mortos Robin williams
36%
Dirty dancing Patrick Swayze
32%
Silencio dos inocentes Jodie Foster
25%
Regresso ao futuro Michael J Fox
24%
Alliens Sigourney weaver
17%
Nenhum quiz correspondente encontrado
Distribuição das Pontuações
Porcentagem de Pessoas com Cada Pontuação
Percentil de Números Respondidos
Sua Pontuação Histórica
Você não jogou esse quiz